1132 1561 1195 1137 1846 1162 1899 1719 1040 1851 1556 1962 1374 1690 1468 1999 1057 1848 1327 1201 1088 1628 1615 1758 1692 1655 1686 1829 1686 1722 1132 1755 1280 1441 1589 1779 1006 1666 1754 1277 1031 1693 1548 1778 1039 1389 1220 1361 1747 1107 1445 1013 1293 1072 1102 1492 1280 1852 1706 1062 1128 1917 1596 1849 1080 1679 1843 1976 1371 1182 1397 1608 1859 1507 1088 1310 1021 1566 1505 1960 1371 1110 1330 1349 1134 1175 1205 1210 1243 1629 1286 1549 1167 1925 1530 1258 1522 1115 1454 BCNSPRNW ULIB Ver.6.0+V

เปลี่ยนเป็นภาษาไทย

Change to English
 แสดงรายละเอียดบรรณานุกรม
  กลับหน้าหลัก

Brief Record : Get Marc (ISO 2709) : E-mail record : QR code < ปิดหน้าต่าง
LEADER : 00000nam 2200000uu 4500
001    13399114330
003     ULIB
008    110615s||||||||th 000 0 tha d
020    978974032805
050  4 BF335^bว387ท
100 0  วัชรี ทรัพย์มี
245 10 ทฤษฏีให้บริการปรึกษา /^cวัชรี ทรัพย์มี
250    พิมพ์ครั้งที่ 6
260    กรุงเทพฯ :^bจุฬาลงกรมหาวิทยาลัย,^c2554
300    275 หน้า
650  7 การให้คำปรึกษา
650  7 ทฤษฎีให้บริการปรึกษา
650  7 ปรึกษา
710 1  จุฬาลงกรมหาวิทยาลัย.^bคณะจิตวิทยา
945    ^p290^l0^i031406
945    ^p290^l0^i031407
945    ^p290^l0^i031408
945    ^p290^l0^i031409
945    ^p290^l0^i031410
945    ^p290^l0^i031411
945    ^p290^l0^i031412
995    ทศพร
999 ^a ใช้งานได้ทุกระบบ
รายการนี้ยังไม่มีแท็ก
คุณยังไม่ได้ล็อกอิน คุณสามารถมีกิจกรรมร่วมกับเว็บไซต์ได้ แต่ต้องล็อกอินก่อน ::
  ล็อกอิน

รายการสื่อสารสนเทศ

ลำดับที่ ประเภท เลขเรียก/บาร์โค้ด สถานที่ สถานะ
- ไม่พบข้อมูล -

รายการใกล้เคียง
    ผู้แต่ง [วัชรี ทรัพย์มี]

    หัวเรื่อง [การให้คำปรึกษา]
    หัวเรื่อง [ทฤษฎีให้บริการปรึกษา]
    หัวเรื่อง [ปรึกษา]

BibComment


ยังไม่เคยถูกคอมเมนท์

คอมเมนท์ทรัพยากรรายการนี้
  คอมเมนท์: ทฤษฏีให้บริการปรึ..


 Copyright 2026. Bcnsprnw @Library